Stardew Valley Villagers Quiz - Statistics

General Stats
  • This quiz has been taken 89 times
  • The average score is 27 of 45
Answer Stats
Answer % Correct
Alex
88%
Penny
82%
Emily
80%
Leah
80%
Robin
80%
Haley
78%
Harvey
78%
Sam
78%
Abigail
77%
Lewis
77%
Sebastian
77%
Shane
77%
Pierre
74%
Wizard
74%
Demetrius
73%
Clint
72%
Elliot
72%
Marnie
70%
Maru
70%
Pam
70%
Caroline
69%
Krobus
68%
Vincent
65%
Willy
65%
Gus
64%
Linus
62%
Kent
59%
Sandy
59%
Dwarf
58%
George
58%
Jas
57%
Evelyn
53%
Jodi
49%
Mr. Qi
49%
Gunther
47%
Leo
39%
Marlon
39%
Morris
39%
Bouncer
27%
Gil
26%
Grandpa
26%
Governor
23%
Birdie
19%
Henchman
16%
Professor Snail
16%
No matching quizzes found
Score Distribution
Percent of People with Each Score
Percentile by Number Answered
Your Score History
You have not taken this quiz